Correspondence of Leon Walras and related papers /

Bibliographic Details
Main Author: Walras, Léon, 1834-1910
Corporate Author: Koninklijke Nederlandse Akademie van Wetenschappen
Other Authors: Jaffé, William
Format: Book
Language:English
Published: Amsterdam : North-Holland publishing company, 1965.

MARC

Tag First Indicator Second Indicator Subfields
LEADER 00000cam a2200000 4500
001 in00000062702
005 20151008050623.0
008 740802s1965 ne a 00000 eng
010 |a  67077676  
035 |a (OCoLC)00971860 
035 |9 AAG2188AM 
040 |a DLC  |c TOL  |d TXA  |d UtOrBLW 
049 |a TXAM  |v 1 [475255]  |v 2 [475256]  |v 3 [475257] 
050 0 0 |a HB105.W3  |b A4 
092 |a 330.01  |b W221c 
100 1 |a Walras, Léon,  |d 1834-1910. 
245 1 0 |a Correspondence of Leon Walras and related papers /  |c Ed. by William Jaffe. 
264 1 |a Amsterdam :  |b North-Holland publishing company,  |c 1965. 
300 |a 3 volumes :  |b illustrations, 5 plates. ;  |c 26 cm. 
336 |a text  |b txt  |2 rdacontent 
337 |a unmediated  |b n  |2 rdamedia 
338 |a volume  |b nc  |2 rdacarrier 
700 1 |a Jaffé, William. 
710 2 |a Koninklijke Nederlandse Akademie van Wetenschappen. 
999 |a MARS 
999 f f |s b5b5685f-7451-3ed7-8262-656d2e3b1a66  |i 6603b569-afab-3a29-8586-db01061c3b22  |t 0 
952 f f |p ric  |a Texas A&M University  |b Rellis Campus  |c Joint Library Facility  |d Remote Storage  |t 0  |e HB105.W3 A4  |h Library of Congress classification  |i unmediated -- volume  |k v.3  |m A14800688122 
952 f f |p ric  |a Texas A&M University  |b Rellis Campus  |c Joint Library Facility  |d Remote Storage  |t 0  |e HB105.W3 A4  |h Library of Congress classification  |i unmediated -- volume  |k v.1  |m A14800688106 
952 f f |p ric  |a Texas A&M University  |b Rellis Campus  |c Joint Library Facility  |d Remote Storage  |t 0  |e HB105.W3 A4  |h Library of Congress classification  |i unmediated -- volume  |k v.2  |m A14800688114 
998 f f |a HB105.W3 A4  |s v.1-v.3  |t 0  |l Remote Storage